000 01166nas a2200421 4500
001 BR2015005353
003 BR-BrBNA
005 20231205125729.0
007 ta
008 230509b bl.|||p| |||| 00| 00por d
040 _aBR-BrBNA
_bpor
_cBiblioteca Nacional de Agricultura
041 _a(En)
072 _aF30
100 1 _aSediyama, C.S.
100 1 _aCarneiro, J.E. de S.
100 1 _aFritsche-Neto, R.
100 1 _aSediyama, T.
100 1 _aBarbosa, M.H.P.
100 1 _aGalvão, J.C.
100 1 _aSouza, M.A. de
245 1 _aContribution of the universities to the development of field crop
650 _aPRODUTIVIDADE
650 _aAVENA SATIVA
650 _aSACCHARUM OFFICINARUM
650 _aPHASEOLUS VULGARIS
650 _aZEA MAYS
650 _aGLYCINE MAX
650 _aTRITICUM SPP
650 _aAVEIA
650 _aCANA DE AÇÚCAR
650 _aFEIJÃO
650 _aMILHO
650 _aSOJA
650 _aTRIGO
773 0 _tCrop Breeding and Applied Biotechnology (Brazil)
_xISSN 1518-7853
_g(Dec 2012), S2 p. 121-130
_wBR2015005353
909 _a202311
_bLúcia
_c55
_dLúcia Elande
942 _2AGRIS
_n0
_cANA
999 _c245813
_d245813